MARC

LEADER 00000nam0a2200000 4500
001 374103
005 20231101051020.0
010 |a 5286001548 
035 |a (RuTPU)RU\TPU\retro\31537 
035 |a RU\TPU\book\225610 
090 |a 374103 
100 |a 20221216d1989 k y0rusy50 ca 
101 0 |a rus 
102 |a RU 
105 |a a z 001zy 
200 1 |a Взаимодействие электронных потоков с ионосферной плазмой  |e монография  |f Е. В. Мишин, Ю. Я. Ружин, В. А. Телегин 
210 |a Ленинград  |c Гидрометеоиздат  |d 1989 
215 |a 264 с.  |c ил. 
320 |a Библиогр.: с. 246-263. 
610 1 |a геология 
610 1 |a геофизика 
610 1 |a плазменная оболочка 
610 1 |a ионосфера 
610 1 |a электрофизические методы 
610 1 |a электрофизические процессы 
610 1 |a полярное сияние 
610 1 |a электрические поля 
610 1 |a ионсосферные электроны 
610 1 |a слабоионизированная плазма 
610 1 |a пучково-плазменные разряды 
610 1 |a энергичные электроны 
675 |a 550.388  |v 3 
700 1 |a Мишин  |b Е. В.  |g Евгений Васильевич 
701 1 |a Ружин  |b Ю. Я.  |g Юрий Яковлевич 
701 1 |a Телегин  |b В. А.  |g Виктор Алексеевич 
801 1 |a RU  |b 63413507  |c 20120118 
801 2 |a RU  |b 63413507  |c 20221216  |g RCR 
942 |c BK